00614nam a2200169Ia 4500008004100000020001800041082001900059100002300078245007300101250002500174260002500199300001100224440005400235650002800289952011000317999001700427120622s9999 xx 000 0 und d a84-253-1235-3 a302 M552c 1980 aMerani, Alberto L. aCarta abierta a los consumidores de psicología / Alberto L. Merani a2a ed / corr. y aum. aBarcelona : Grijalbo a223 p. aBiología y psicología de hoy ; 8. Serie menor a1. PSICOLOGIA SOCIALÌ 00102lcc4070a22b22d2007-01-25l1o302 M552C 1980p01 001617r2023-07-17s2015-04-23w2012-06-24yLB c59052d59052